ARRUPE JESUIT UNIVERSITY

CORONAVIRUS -STOP THE SPREAD - CLEAN,DISINFECT,COVER

Sjambok and other poems from Africa (Record no. 122209)

MARC details
000 -LEADER
fixed length control field 00379nam a22001217a 4500
008 - FIXED-LENGTH DATA ELEMENTS--GENERAL INFORMATION
fixed length control field 150226b xxu||||| |||| 00| 0 eng d
050 ## - LIBRARY OF CONGRESS CALL NUMBER
Classification number PR9369.3.L5S5
100 ## - MAIN ENTRY--PERSONAL NAME
Personal name Livingstone, Douglas
9 (RLIN) 15579
245 ## - TITLE STATEMENT
Title Sjambok and other poems from Africa
Statement of responsibility, etc Douglas Livingstone
260 ## - PUBLICATION, DISTRIBUTION, ETC. (IMPRINT)
Place of publication, distribution, etc London
Name of publisher, distributor, etc Oxford University Press
Date of publication, distribution, etc 1964
300 ## - PHYSICAL DESCRIPTION
Extent vii,56p. ;
Dimensions 22cm.
942 ## - ADDED ENTRY ELEMENTS (KOHA)
Source of classification or shelving scheme Library of Congress Classification
Item type Monograph ( Printed materials)
Holdings
Withdrawn status Lost status Source of classification or shelving scheme Damaged status Not for loan Collection code Home library Current library Shelving location Date acquired Total Checkouts Full call number Barcode Date last seen Price effective from Koha item type
    Library of Congress Classification     Main Collection ARRUPE LIBRARY ARRUPE LIBRARY Main Collection 26/02/2015   PR9369.3.L5S5 46500002845 26/02/2015 26/02/2015 Monograph ( Printed materials)

 

Arrupe Library. PO Box MP320 Mt Pleasant, Harare, Zimbabwe
263 242 745411|librarian@aju.ac.zw